| 000 -CABECERA |
| Longitud fija campo de control |
00877nam a22002297a 4500 |
| 003 - IDENTIFICADOR DEL NÚMERO DE CONTROL |
| Identificador del número de control |
OSt |
| 005 - FECHA Y HORA DE LA ÚLTIMA TRANSACCIÓN |
| Fecha y hora de la última transacción |
20130604114620.0 |
| 008 - CÓDIGOS DE INFORMACIÓN DE LONGITUD FIJA |
| Códigos de información de longitud fija |
130604s2010 sp ||||| |||| 00| 0 cat d |
| 020 ## - NÚMERO INTERNACIONAL NORMALIZADO PARA LIBROS |
| Número Internacional Normalizado para Libros (ISBN) |
9788492542390 |
| 040 ## - FUENTE DE LA CATALOGACIÓN |
| Centro transcriptor |
CDMR |
| 245 00 - MENCIÓN DE TÍTULO |
| Título |
Diari d'una postguerra |
| Resto del título |
: La Vanguardia Española (1939-1944) |
| Mención de responsabilidad, etc. |
Rafael Aracil, Andreu Mayayo, Antoni Segura (eds.) |
| 260 ## - PUBLICACIÓN, DISTRIBUCIÓN, ETC. (PIE DE IMPRENTA) |
| Lugar de publicación, distribución, etc. |
Catarroja (Barcelona) |
| Nombre del editor, distribuidor, etc. |
Afers |
| Fecha de publicación, distribución, etc. |
2010 |
| 490 0# - MENCIÓN DE SERIE |
| Mención de serie |
Recerca i pensament |
| Designación de volumen o secuencia |
58 |
| 500 ## - NOTA GENERAL |
| Nota general |
Estudi dins del grup de recerca "El franquisme a catalunya: institucionalització del règim i organització de l'oposició (1938-1979) (2)" |
| 610 2# - PUNTO DE ACCESO ADICIONAL DE MATERIA - NOMBRE DE ENTIDAD CORPORATIVA |
| 9 (RLIN) |
1150 |
| Nombre de entidad corporativa o nombre de jurisdicción como elemento inicial |
La Vanguardia (Diari) |
| Subdivisió,n de materia general |
Història |
| Subdivisión cronológica |
1939-1946 |
| 650 04 - PUNTO DE ACCESO ADICIONAL DE MATERIA - TÉRMINO DE MATERIA |
| 9 (RLIN) |
3312 |
| Término de materia o nombre geográfico como elemento inicial |
Franquisme |
| 650 04 - PUNTO DE ACCESO ADICIONAL DE MATERIA - TÉRMINO DE MATERIA |
| 9 (RLIN) |
3166 |
| Término de materia o nombre geográfico como elemento inicial |
Catalunya |
| Subdivisión de materia general |
Història |
| Subdivisión cronológica |
1939-1946 |
| 700 1# - PUNTO DE ACCESO ADICIONAL - NOMBRE DE PERSONA |
| 9 (RLIN) |
3648 |
| Nombre de persona |
Aracil, Rafael |
| 700 1# - PUNTO DE ACCESO ADICIONAL - NOMBRE DE PERSONA |
| 9 (RLIN) |
3649 |
| Nombre de persona |
Mayayo, Andreu |
| 700 1# - PUNTO DE ACCESO ADICIONAL - NOMBRE DE PERSONA |
| 9 (RLIN) |
3650 |
| Nombre de persona |
Segura, Antoni |
| Término indicativo de función |
(eds.) |
| 942 ## - ENTRADA DE ELEMENTOS AGREGADOS (KOHA) |
| Fuente de clasificaión o esquema |
|
| Koha [por defecto] tipo de item |
Monografies |